| 000 | 02039cam a22004694a 4500 | ||
|---|---|---|---|
| 005 | 20260322212056.0 | ||
| 008 | data | ||
| 010 | _a 2005037354 | ||
| 015 |
_aGBA665201 _2bnb |
||
| 015 |
_aGBA606570 _2bnb |
||
| 016 | 7 |
_a101264060 _2DNLM |
|
| 016 | 7 |
_a013517750 _2Uk |
|
| 016 | 7 |
_a013360496 _2Uk |
|
| 020 | _a1587611791 | ||
| 020 | _a9781587611797 | ||
| 020 | _a1587612828 (hbk.) | ||
| 020 | _a9781587612824 (hbk.) | ||
| 040 |
_aDNLM/DLC _cDLC _dDLC _dBAKER _dUKM _dC#P _dAGL _dYDXCP _dOCLCQ _dBTCTA _dDLC |
||
| 042 | _apcc | ||
| 043 | _an-us--- | ||
| 050 | 0 | 0 |
_aQP141 _b.H183 2006 |
| 082 | 0 | 0 |
_a613.2 _222 |
| 100 | 1 |
_aHaas, Elson M., _d1947- |
|
| 245 | 1 | 0 |
_aStaying healthy with nutrition : _bthe complete guide to diet and nutritional medicine / _cElson M. Haas & Buck Levin. |
| 250 | _a21st-century ed. | ||
| 260 |
_aBerkeley : _bCelestial Arts, _cc2006. |
||
| 300 |
_axvi, 927 p. : _bill. ; _c28 cm. |
||
| 500 | _aRev. and updated of Staying healthy with nutrition / Elson M. Haas. c1992. | ||
| 504 | _aIncludes bibliographical references (p. 833-891) and index. | ||
| 505 | 0 | _aWater -- Carbohydrates -- Proteins -- Lipids: fats and oils -- Vitamins -- Minerals -- Special supplements -- Foods -- Diets -- Nutritional habits -- Food and the earth -- The components of a healthy diet -- The ideal diet -- Seasonal menu plans and recipes -- Infancy to immortality -- Life stage programs -- Performance enhancement programs -- Medical treatment programs -- Detoxification and cleansing programs. | |
| 650 | 0 | _aNutrition. | |
| 650 | 0 | _aDiet therapy. | |
| 650 | 2 |
_aNutrition Physiology _vPopular Works. _zUnited States |
|
| 650 | 2 |
_aCookery _vPopular Works. _zUnited States |
|
| 650 | 2 |
_aDiet _vPopular Works. _zUnited States |
|
| 650 | 2 |
_aFood _vPopular Works. _zUnited States |
|
| 650 | 2 |
_aHealth Promotion _vPopular Works. _zUnited States |
|
| 650 | 2 |
_aLife Style _vPopular Works. _zUnited States |
|
| 700 | 1 | _aLevin, Buck. | |
| 856 | 4 | 1 |
_3Table of contents _uhttp://www.loc.gov/catdir/toc/ecip065/2005037354.html |
| 001 | data | ||
| 999 |
_c1325 _d1325 |
||